Fr. Conceicao Rodrigues College of Engineering

Mastering data mining: The art and science of customer relationship Management (CRM) (Record no. 26793)

MARC details
000 -LEADER
fixed length control field 00413nam a2200169Ia 4500
082 ## - DEWEY DECIMAL CLASSIFICATION NUMBER
Classification number 5.74
Item number BER
100 ## - MAIN ENTRY--PERSONAL NAME
Personal name Berry/Michael J.A/ Linoff/G.S
245 ## - TITLE STATEMENT
Title Mastering data mining: The art and science of customer relationship Management (CRM)
260 ## - PUBLICATION, DISTRIBUTION, ETC.
Name of publisher, distributor, etc. Wiley
Date of publication, distribution, etc. 2000
366 ## - TRADE AVAILABILITY INFORMATION
Publishers's discount category 20
300 ## - PHYSICAL DESCRIPTION
Extent 494
546 ## - LANGUAGE NOTE
Language note ENGLISH
650 ## - SUBJECT ADDED ENTRY--TOPICAL TERM
Topical term or geographic name entry element Data Mining
654 ## - SUBJECT ADDED ENTRY--FACETED TOPICAL TERMS
Focus term data mining
942 ## - ADDED ENTRY ELEMENTS (KOHA)
Koha item type BOOK
Holdings
Withdrawn status Lost status Damaged status Not for loan Collection Home library Current library Date acquired Source of acquisition Cost, normal purchase price Inventory number Total Checkouts Full call number Barcode Date last seen Cost, replacement price Price effective from Koha item type
        CRC Fr. Agnel's C.Rodrigues College of Engineering Fr. Agnel's C.Rodrigues College of Engineering 17/03/2023 Readers World 607.20 765 dt 01.01.2019   5.74 BER 25448 17/03/2023 759.00   BOOK